000 00287nam a22001217a 4500
008 181226b xxu||||| |||| 00| 0 eng d
041 _aeng
080 _a616.055
100 _a9
101 _aPED
245 _aThe Pediatric Clinics Of North America
_cStephen.P.
942 _2udc
_cBK
999 _c53796
_d53796